000 00616nam a22002177a 4500
999 _c6432
_d6432
003 GBCCL
005 20241126110603.0
008 180514b ||||| |||| 00| 0 eng d
020 _a085421707X (Scripture Union)
020 _a0802817734 (Wm. B. Eerdmans)
040 _cgbc
082 _a236
_bLAD
100 _aLadd, G E
_911528
245 _aThe last things /
_cG E Ladd
260 _a London:
_bScripture Union,
_c1978
260 _aGrand Rapids:
_b Wm. B. Eerdmans,
_c1978
300 _a64 p.;
_c21 cm.
440 _aUnderstanding Bible Teaching
_911527
650 _aEschatology
_92009
942 _2ddc
_cBK
_01